UM Logo
Normal view MARC view
  • Rutledge, Devallis.

Entry Personal Name

Number of records used in: 1

001 - CONTROL NUMBER

  • control field: 43856

003 - CONTROL NUMBER IDENTIFIER

  • control field: OSt

005 - DATE AND TIME OF LATEST TRANSACTION

  • control field: 20220203144029.0

008 - FIXED-LENGTH DATA ELEMENTS

  • fixed length control field: 220203|| aca||aabn | a|a d

040 ## - CATALOGING SOURCE

  • Original cataloging agency: OSt
  • Transcribing agency: OSt

100 ## - HEADING--PERSONAL NAME

  • Personal name: Rutledge, Devallis.

670 ## - SOURCE DATA FOUND

  • Source citation: Work cat.: (OSt): Rutledge, Devallis., Searching "fleeting targets'':, ©Sept 2013-May 2016.